100 Female Lead TV Shows Quiz Stats

 Plays Quiz not verified by Sporcle

Score 0/100 Timer 20:00
1 Play Today
% Correct
Supergirl
91.6%
Orange is the New Black
91.5%
Buffy the Vampire Slayer
91.2%
The Golden Girls
89.6%
Desperate Housewives
87.8%
Sex and the City
85%
Wonder Woman
84.3%
Charlie's Angels
83.6%
Sabrina, the Teenage Witch
82.3%
Gilmore Girls
81.6%
2 Broke Girls
80.9%
Grey's Anatomy
78.4%
Charmed
74.3%
Veep
72.4%
Hannah Montana
72.3%
The Handmaid's Tale
71.7%
I Love Lucy
71.7%
New Girl
71.6%
Xena: Warrior Princess
71.4%
The Nanny
71%
Reba
69.4%
Pretty Little Liars
67.6%
Daria
67.4%
Nurse Jackie
65.6%
Kim Possible
64.5%
Murder, She Wrote
63.8%
Scandal
62.4%
Unbreakable Kimmy Schmidt
62.3%
Sister, Sister
60.8%
Ellen
60.8%
Ally McBeal
60.5%
Veronica Mars
59.2%
Jane the Virgin
59.1%
Jessica Jones
58.6%
% Correct
The Good Wife
57.7%
The Mindy Project
57.5%
Blossom
57%
GLOW
56.5%
The Flying Nun
56.5%
Alias
56.4%
Murphy Brown
54.5%
Grace and Frankie
53.9%
Laverne & Shirley
53.4%
Scream Queens
51.6%
Cagney & Lacey
51.5%
Girls
50.7%
Sailor Moon
50.4%
Madam Secretary
49.6%
Felicity
49.6%
Hot in Cleveland
49.6%
Rizzoli & Isles
48.8%
Killing Eve
47.4%
Big Little Lies
45.9%
Punky Brewster
45.8%
Lizzie McGuire
45.6%
Designing Women
44.4%
iZombie
44.3%
The New Adventures of Old Christine
43.4%
Don't Trust the B---- in Apartment 23
41.4%
Agent Carter
41.2%
Call the Midwife
40.8%
Orphan Black
39.5%
The Marvelous Mrs. Maisel
38.5%
Medium
37%
Moesha
33.3%
Zoey 101
31.8%
Girl Meets World
31.7%
Broad City
29.6%
% Correct
Judging Amy
29.6%
Hart of Dixie
29.2%
Dark Angel
28.4%
Damages
28.2%
Caroline in the City
27.6%
Good Girls
27%
Army Wives
25.5%
She-Ra and the Princesses of Power
24.6%
Bunheads
24.3%
United States of Tara
22.9%
Reign
22.7%
Nikita
22.7%
Younger
22.7%
Homecoming
20%
Samantha Who?
18.6%
Insecure
17.5%
Terminator: The Sarah Connor Chronicles
17.5%
Victoria
17.1%
Angie Tribeca
16.4%
The L Word
15.6%
Drop Dead Diva
15.6%
Crazy Ex-Girlfriend
15.5%
Chewing Gum
15.5%
Lipstick Jungle
13.2%
The Mysteries of Laura
12.4%
Commander in Chief
11.6%
Devious Maids
11%
Wynonna Earp
11%
Mistresses
9.9%
Emily Owens M.D.
5.7%
Birds of Prey
5.7%
Being Mary Jane
3.7%

You're not logged in!

Compare scores with friends on all Sporcle quizzes.
OR
Log In

You Might Also Like...

Show Comments

Extras

Top Quizzes Today


Score Distribution

Your Account Isn't Verified!

In order to create a playlist on Sporcle, you need to verify the email address you used during registration. Go to your Sporcle Settings to finish the process.

Report this User

Report this user for behavior that violates our Community Guidelines.

Details: